Mathematical foundations of quantum mechanics

Αποθηκεύτηκε σε:
Λεπτομέρειες βιβλιογραφικής εγγραφής
Κύριος συγγραφέας: Von Neumann, John 1903-1957
Μορφή: Βιβλίο
Γλώσσα:English
German
Δημοσίευση: Princeton : Princeton University Press, 1955
Σειρά:Investigations in physics ; ; 2
Θέματα:
Ετικέτες: Προσθήκη ετικέτας
Δεν υπάρχουν, Καταχωρήστε ετικέτα πρώτοι!

MARC

LEADER 00000nam a2200000 i 4500
001 1/40806
008 941103s1955 eng d
020 |a 0-691-08003-8 
035 |a 1991  |c ΜΥΡΙΤΖΗΣ  |l 10041344 
040 |a GR-MY-UA  |b gre  |e aacr 
041 0 |a eng  |h ger 
082 0 |a 530.12 
100 1 |a Von Neumann, John  |d 1903-1957. 
245 1 0 |a Mathematical foundations of quantum mechanics /  |c by John Von Neumann ; translated by the German edition by Robert T. Beyer 
260 |a Princeton :   |b Princeton University Press,   |c 1955 
300 |a xii, 445 p.;  |c 24 cm. 
490 1 |a Investigations in physics  |v ; 2 
650 0 0 |a Matrix mechanics. 
830 0 |a Investigations in physics ;  |v ; 2 
852 |a INST  |b SAMOS  |e 19941103  |h 530.12 VON  |p 005300000939  |q 005300000939  |t BK  |y 0 
909 |a Σ  |b 021780